Central Library OPAC University of Rajshahi

Optimal replacement policy / (Record no. 42782)

MARC details
000 -LEADER
fixed length control field 01012nam a2200301 a 4500
001 - CONTROL NUMBER
control field 42782
003 - CONTROL NUMBER IDENTIFIER
rucl marc code BD-RjUL
005 - DATE AND TIME OF LATEST TRANSACTION
control field 20211209053606.0
008 - FIXED-LENGTH DATA ELEMENTS--GENERAL INFORMATION
fixed length control field 840823r19741967ne a b 001 0 eng
035 ## - SYSTEM CONTROL NUMBER
System control number (CU)GLAD185332
System control number (BD-RjUL)42900
040 ## - CATALOGING SOURCE
Original cataloging agency BD-RjUL
Language of cataloging eng
Transcribing agency BD-RjUL
041 ## - LANGUAGE CODE
Language code of text/sound track or separate title eng
082 ## - DEWEY DECIMAL CLASSIFICATION NUMBER
Classification number 658.2
Author mark and year JOP 1974
100 1# - MAIN ENTRY--PERSONAL NAME
Personal name Jorgenson, Dale W.
Fuller form of name (Dale Weldeau),
Dates associated with a name 1933-
9 (RLIN) 131477
245 10 - TITLE STATEMENT
Title Optimal replacement policy /
Statement of responsibility, etc. D.W. Jorgenson, J.J. McCall, and R. Radner.
250 ## - EDITION STATEMENT
Edition statement 1st ed.
260 ## - PUBLICATION, DISTRIBUTION, ETC. (IMPRINT)
Place of publication, distribution, etc. Amsterdam :
Name of publisher, distributor, etc. North-Holland,
Date of publication, distribution, etc. 1967. [Printing 1974]
300 ## - PHYSICAL DESCRIPTION
Pagination xii, 225 p. :
Illustrations ill. ;
Size 23 cm.
504 ## - BIBLIOGRAPHY, ETC. NOTE
Bibliography, etc Bibliography: p. [215]-219. and index
505 ## - FORMATTED CONTENTS NOTE
Formatted contents note V. 8---
650 #0 - SUBJECT ADDED ENTRY--TOPICAL TERM
Topical term or geographic name as entry element Replacement of industrial equipment
General subdivision Mathematical models.
9 (RLIN) 131478
700 10 - ADDED ENTRY--PERSONAL NAME
Personal name McCall, John Joseph,
Dates associated with a name 1933-
Personal name Radner, Roy,
Dates associated with a name 1927-
830 #0 - SERIES ADDED ENTRY--UNIFORM TITLE
Uniform title Studies in mathematical and managerial economics ;
Volume number/sequential designation v.8
942 ## - ADDED ENTRY ELEMENTS (KOHA)
Source of classification or shelving scheme Dewey Decimal Classification
Koha item type Books
Holdings
Lost status Source of classification or shelving scheme Damaged status Not for loan Collection code Permanent Location Current Location Shelving location Date acquired Source of acquisition Cost, normal purchase price Total Checkouts Full call number Date last seen Copy number Koha item type
  Dewey Decimal Classification     Non-fiction Central Library, University of Rajshahi Central Library, University of Rajshahi   29/04/1989 Book centre 52.50   658.2 JOP 1967 15/06/2016 C-2 Books
  Dewey Decimal Classification     Non-fiction Central Library, University of Rajshahi Central Library, University of Rajshahi   02/04/1979 Netherland     658.2 JOP 1974 15/06/2016 C-3 Books
  Dewey Decimal Classification     Non-fiction Central Library, University of Rajshahi Central Library, University of Rajshahi   27/09/1980 Netherland     658.2 JOP 1974 15/06/2016 C-4 Books
  Dewey Decimal Classification     Non-fiction Central Library, University of Rajshahi Central Library, University of Rajshahi   02/04/1979 Netherland     658.2 JOP V-8 1974 03/09/2016 C-2 Books